|
|
|
|
| LEADER |
01197nam a2200253 a 4500 |
| 001 |
1775102 |
| 008 |
091207s1978 enka b 001 0 eng d |
| 010 |
|
|
|a 77007899
|
| 020 |
|
|
|a 0521217334
|
| 040 |
|
|
|a DLC
|c DLC
|d DLC
|
| 082 |
0 |
0 |
|a 330.1/09
|
| 100 |
1 |
|
|a Blaug, Mark.
|
| 245 |
1 |
0 |
|a Economic theory in retrospect /
|c Mark Blaug.
|
| 250 |
|
|
|a 3rd ed.
|
| 260 |
|
|
|a Cambridge [Eng.] ;
|a New York :
|b Cambridge University Press,
|c 1978.
|
| 300 |
|
|
|a xxiv, 756 p. :
|b ill. ;
|c 24 cm.
|
| 504 |
|
|
|a Includes bibliographical references and indexes.
|
| 541 |
1 |
|
|e 00009839
|
| 650 |
|
0 |
|a Economics
|x History.
|
| 852 |
4 |
|
|a Ayesha Abed Library
|j General shelf
|
| 999 |
|
|
|c 6309
|d 6309
|
| 952 |
|
|
|0 0
|1 0
|2 ddc
|4 1
|6 330_100000000000000_09_BLA_1978
|7 0
|9 6347
|a BRACUL
|b BRACUL
|c SPS
|d 2009-12-22
|g 0.00
|l 0
|o 330.109 BLA
|p 3010009839
|r 2009-12-22
|t 1
|w 2009-12-22
|y BK
|x No price found in the accession register.
|
| 952 |
|
|
|0 0
|1 0
|2 ddc
|4 1
|6 330_100000000000000_09_BLA_1978
|7 0
|9 7607
|a BRACUL
|b BRACUL
|c SPS
|d 2010-01-31
|l 0
|o 330.109 BLA
|p 3010009838
|r 2010-01-31
|t 2
|w 2010-01-31
|y BK
|
| 952 |
|
|
|0 0
|1 0
|2 ddc
|4 1
|6 330_100000000000000_09_BLA_1978
|7 0
|9 7643
|a BRACUL
|b BRACUL
|c SPS
|d 2010-01-31
|l 0
|o 330.109 BLA
|p 3010009840
|r 2010-01-31
|t 3
|w 2010-01-31
|y BK
|